| 000 | 00645nam a2200205Ii 4500 | ||
|---|---|---|---|
| 003 | JO-AjNU | ||
| 008 | 230605s9999||||xx |||||||||||||| ||und|| | ||
| 040 |
_aJO-AjNU _bara _erda _cJO-AjNU |
||
| 041 | _aara | ||
| 050 | 1 | 4 | _aLB1707.A3552 2005 |
| 100 | 3 |
_aالأحمد،خالد طه, _eauthor _923308 |
|
| 245 | 0 | 0 | _aتكوين المعلمين من الإعداد للتدريب |
| 250 | _aط1 | ||
| 264 | 3 | 1 | _aالعين:دار الكتاب الجامعي،2005 |
| 300 | _a400ص | ||
| 336 |
_atext _btxt _2rdacontent |
||
| 337 |
_aunmediated _bn _2rdamedia |
||
| 338 |
_avolume _bnc _2rdacarrier |
||
| 650 | 4 |
_aمعلمون-تدريب _923309 |
|
| 999 |
_aA8410 _c11978 _d11978 |
||